000 01034nac a22002291u 4500
008 100228s19982008enk|||||r|||| 001 0 eng d
010 _a
020 _a9780273711063
035 _a(OCoLC)ocm57002659
082 0 0 _a658
_bBOD
_222
100 _aBoddy, David.
_912030
245 1 0 _aManagement :
_bAn Introduction /
_cDavid Boddy.
250 _a4th ed.
260 _aHarlow :
_bFinancial Times Prentice Hall,2008
_c2008
300 _axxi, 728 p. :
_bcol. ill. ;
_c27 cm.
504 _aIncludes bibliographical references (p. 698-712) and index.
650 0 _aManagement.
_912031
942 _cNB
_k658 BOD
_2ddc
999 _c13540
_d13540